Poesía / (Registro nro. 9184)
[ vista simple ]
| 000 -CABECERA | |
|---|---|
| Campo de control interno | 01706nam a2200265Ia 4500 |
| 008 - ELEMENTOS DE LONGITUD FIJA - INFORMACIÓN GENERAL | |
| Campo de control de longitud fija | 260220t1995||||xx |||||||||||||| ||spa|| |
| 020 ## - ISBN | |
| ISBN | 8437604109 |
| 040 ## - FUENTE DE CATALOGACIÓN | |
| Agencia de catalogación original | PY-SlUNAC |
| Idioma de catalogación | spa |
| Convenciones de descripción | rda |
| 041 ## - CÓDIGO DE IDIOMA | |
| Código de idioma para texto/pista de sonido o título separado | spa |
| 082 ## - NÚMERO DE CLASIFICACIÓN DECIMAL DEWEY | |
| Clasificación Decimal Dewey (CDD) | 861 |
| Clasificación Expansiva de Cutter (EC) | D332p |
| 100 ## - ASIENTO PRINCIPAL - NOMBRE PERSONAL | |
| Nombre personal | de la Cruz, San Juan |
| Rol del autor | Autor |
| 245 #0 - TÍTULO | |
| Título | Poesía / |
| Mención de responsabilidad | por San Juan de la Cruz [Autor] |
| 250 ## - MENCIÓN DE EDICIÓN | |
| Mención de edición | Novena edición |
| 264 ## - PIE DE IMPRENTA | |
| Lugar | Madrid : |
| Editorial | Cátedra, |
| Año | ℗1995. |
| 300 ## - DESCRIPCIÓN FÍSICA | |
| Páginas | 1 volumen |
| 520 ## - NOTA DE RESUMEN | |
| Nota de resumen | La obra de San Juan de la Cruz, un destacado poeta y místico del siglo XVI, se presenta como una fusión de espiritualidad y belleza literaria, reflejando la profunda experiencia de la búsqueda de Dios y la unión mística con lo divino. A través de una rica simbología y un lenguaje evocador, el autor explora temas como la oscuridad, el amor divino y la transformación espiritual. Su poesía, caracterizada por la utilización de metáforas y un estilo que combina elementos del renacimiento y del misticismo, invita al lector a reflexionar sobre la naturaleza del alma y su anhelo de trascendencia. Obras como "Noche oscura del alma" y "Cántico espiritual" son ejemplos notables de su capacidad para expresar la complejidad de la vida espiritual. La edición de Cátedra de 1995 ofrece un análisis detallado de su contexto histórico y literario, así como una interpretación de su legado, consolidando a San Juan de la Cruz como una figura central en la literatura mística y la poesía española. |
| 651 ## - MATERIA - NOMBRE GEOGRÁFICO | |
| Materia - nombre geográfico | España |
| 653 ## - MATERIA - TÉRMINO TEMÁTICO NO CONTROLADO (PALABRAS CLAVE) | |
| Materia - término temático no controlado (palabras clave) | Literatura |
| 653 ## - MATERIA - TÉRMINO TEMÁTICO NO CONTROLADO (PALABRAS CLAVE) | |
| Materia - término temático no controlado (palabras clave) | Poesía |
| 942 ## - ELEMENTOS PERSONALIZADOS (KOHA) | |
| Fecha catalogación | 2026/02/17 |
| Tipo de documento | Libros |
| Fuente de Clasificacion | Colección | Ubicacion permanente | Biblioteca actual | Fecha de Ingreso a la Biblioteca | Origen de adquisición | Enumeración en serie / cronología | Código de ubicación | Código de barras | Tipo de Item KOHA | Nota pública |
|---|---|---|---|---|---|---|---|---|---|---|
| Dewey Decimal Classification | Colección General (CG) | Biblioteca e Internet, Facultad de Ciencias Exactas y Naturales | Biblioteca e Internet, Facultad de Ciencias Exactas y Naturales | 02/20/2026 | Donación | 9aEd. | 861 D332p | CG2544 | Libros | Material disponible en la Biblioteca e Intenet, Campus UNA, San Lorenzo. |


